000 01282 a2200265 4500
001 45959
005 20260407155732.0
008 260407a2011 arg spa d
003 AR-UNSa-BCEJYS
040 _aAR-UNSa-BCEJYS
_bspa
_cAR-UNSa-BCEJYS
080 _a369
_xSeguridad social
245 1 0 _aEncrucijadas en la seguridad social Argentina
_preformas, cobertura y desafíos para el sistema de pensiones
020 _a978-92-2-325772-9
264 1 _aBuenos Aires :
_bCEPAL
_c2011
300 _a176 p.
_c25 cm.
505 _a1. objetivos de la previsión social, el papel del Estado y la experiencia internacional en la conformación de los sistemas – 2. Maduración, crisis y reforma del sistema previsional argentino – 3. Las reformas recientes en el sistema previsional argentino – 4. Cobertura provisional – 5. Consideraciones sobre las tendencias demográficas y su vínculo con el sistema de pensiones – 6. Situación actual y desafíos.
041 _aspa
942 _cBK
590 _aniveau_biblio:m niveau_hierar:0
100 1 _aBertranou, Fabio
700 1 _aCetrángolo, Oscar
700 1 _aGrushka, Carlos O.
700 1 _aCasanova, Luis
856 4 1 _uhttps://www.biblioeco.unsa.edu.ar/pmb/images/libros/L127248.jpg
_yImagen de portada
_qimage/jpeg
999 _c4088
_d4088